Xử lý tín hiệu số /

Tín hiệu và hệ thống rời rạc. Phép biến đổi Z. Phép biến đổi Furier rời rạc. Tính toán biến đổi Fourier rời rạc. Phép biến đổi nhanh Fourier.

Saved in:
Bibliographic Details
Main Author: Quách Tuấn Ngọc.
Format: Book
Language:Vietnamese
Published: Hà Nội : Giáo dục, 1999.
Subjects:
Tags: Add Tag
No Tags, Be the first to tag this record!
Institutions: Mạng thư viện Đại học Đà Nẵng
LEADER 00994cam a2200337 i 4500
001 000042541
003 415
005 20051117153100.0
008 010217b1999 vm 000 vie
020 |c 27000 
040 |a IRC  |c IRC  |d IRC 
041 0 |a vie 
082 1 4 |a 005.13  |b QU-N 
100 1 |a Quách Tuấn Ngọc. 
245 1 0 |a Xử lý tín hiệu số /  |c Quách Tuấn Ngọc. 
260 |a Hà Nội :  |b Giáo dục,  |c 1999. 
300 |a 276 tr. ;  |c 25,5 cm. 
520 3 |a Tín hiệu và hệ thống rời rạc. Phép biến đổi Z. Phép biến đổi Furier rời rạc. Tính toán biến đổi Fourier rời rạc. Phép biến đổi nhanh Fourier. 
630 0 4 |a Tin học. 
630 0 4 |a Computer. 
650 0 4 |a Tín hiệu số. 
OWN |a DUT 
999 |a From the UDN01 
TYP |a Monograph 
TYP |a Printed language 
980 |a Mạng thư viện Đại học Đà Nẵng